The Financing of continuing vocational training in France /

Enregistré dans:
Détails bibliographiques
Collectivités auteurs: European Centre for the Development of Vocational Training, Bureau d'informations et de prévisions économiques (Neuilly-sur-Seine, France)
Format: Livre
Langue:English
Publié: Berlin : Lanham, MD : CEDEFOP, European Centre for the Development of Vocational Training ; UNIPUB [distributor], 1991.
Édition:1st ed.
Collection:CEDEFOP document
Sujets:
LEADER 01283nam a2200301ua 4500
001 c000182224
003 CARM
005 20050415135505.0
008 910528s1991 gw a i000 0 eng d
019 1 |a 57948349  |z 8021140  |5 LACONCORD2021 
020 |a 9282622118 
035 |a (OCoLC)23222327  |5 LACONCORD2021 
040 |a RLIN  |b eng  |c RLIN  |d RLIN 
043 |a e-fr--- 
082 0 4 |a 331.25920944  |2 20 
245 0 4 |a The Financing of continuing vocational training in France /  |c BIPE. 
250 |a 1st ed. 
260 |a Berlin :  |b CEDEFOP, European Centre for the Development of Vocational Training ;  |a Lanham, MD :  |b UNIPUB [distributor],  |c 1991. 
300 |a ix, 55 p. :  |b ill. ;  |c 29 cm. 
440 0 |a CEDEFOP document 
500 |a Catalogue no.: HX-60-91-507-EN-C. 
650 0 |a Employees, Training of  |z France  |x Finance. 
650 0 |a Occupational training  |z France  |x Finance. 
710 2 |a European Centre for the Development of Vocational Training. 
710 2 |a Bureau d'informations et de prévisions économiques (Neuilly-sur-Seine, France) 
852 8 |b CARM  |h A1:AR22C0  |i D07775  |p 0249247  |f BK 
999 f f |i 740e0cb0-f684-59eb-8a0f-d76cc442190b  |s 88f2ac95-66dc-5500-9a88-814f54f28dfc 
952 f f |p Can circulate  |a CAVAL  |b CAVAL  |c CAVAL  |d CARM 1 Store  |e D07775  |f A1:AR22C0  |h Other scheme  |i book  |m 0249247